[Event "New York Winter IM-C"]
[Site "New York"]
[Date "2022.01.17"]
[Round "8"]
[White "Paciorkowski, Lev"]
[Black "Narayanan, Samrug"]
[Result "1/2-1/2"]
[WhiteElo "2335"]
[BlackElo "2320"]
[PlyCount "77"]
[EventDate "2022.01.13"]
[EventType "tourn"]
[EventRounds "9"]
[EventCountry "USA"]
[EventCategory "2"]
[SourceTitle "CBM 206 Extra"]
[Source "ChessBase"]
[SourceDate "2022.03.31"]
[SourceVersion "1"]
[SourceVersionDate "2022.03.31"]
[SourceQuality "1"]

1. Nf3 d5 2. e3 Nf6 3. b3 e6 4. Bb2 b6 5. g3 Bb7 6. Bg2 Nbd7 7. 0-0 Bd6 8. d4 0-0 9. c4 Qe7 10. Nc3 a6 11. Qc2 Rac8 12. Rac1 Rfd8 13. Nd2 c5 14. Rfe1 h6 15. Qb1 Qf8 16. dxc5 bxc5 17. Red1 Qe7 18. cxd5 exd5 19. Nf3 Ne5 20. Nxe5 Bxe5 21. Ne2 Bxb2 22. Qxb2 Qe6 23. b4 Qb6 24. Rb1 c4 25. Rd4 Bc6 26. Nc3 Rb8 27. a4 Qc7 28. Qd2 Qe5 29. e4 Qe8 30. exd5 Bxa4 31. Rxc4 Bd7 32. Re1 Qf8 33. d6 Be6 34. Rd4 Rb6 35. Rd1 Bb3 36. Rb1 Rbxd6 37. Rxd6 Rxd6 38. Qe2 Be6 39. b5 1/2-1/2

[Event "Charlotte CCCSA Summer IM-D"]
[Site "Charlotte"]
[Date "2021.08.01"]
[Round "8"]
[White "Nakada, Akira W"]
[Black "Paciorkowski, Lev"]
[Result "1-0"]
[WhiteElo "2199"]
[BlackElo "2262"]
[PlyCount "79"]
[EventDate "2021.07.28"]
[EventType "tourn"]
[EventRounds "9"]
[EventCountry "USA"]
[SourceTitle "CBM 203 Extra"]
[Source "ChessBase"]
[SourceDate "2021.09.30"]
[SourceVersion "1"]
[SourceVersionDate "2021.09.30"]
[SourceQuality "1"]

1. c4 e5 2. Nc3 Nf6 3. Nf3 Nc6 4. e3 Bb4 5. Qc2 d6 6. Ne2 e4 7. Ng5 0-0 8. Ng3 Ng4 9. Nh3 f5 10. a3 Bc5 11. b4 Bb6 12. c5 dxc5 13. bxc5 Ba5 14. Nf4 Nge5 15. h4 Qe7 16. h5 Nd8 17. Bb2 c6 18. Bd4 Bc7 19. Qc3 Ndf7 20. Be2 Be6 21. f3 exf3 22. gxf3 Rad8 23. Kf2 Rd7 24. Nxe6 Qxe6 25. f4 Rxd4 26. Qxd4 Rd8 27. Qc3 Qf6 28. Rab1 b5 29. cxb6 axb6 30. fxe5 Bxe5 31. Qc2 Nd6 32. Bf3 Ne4+ 33. Nxe4 fxe4 34. Qxe4 Rxd2+ 35. Kg1 Qg5+ 36. Bg4 b5 37. Rf1 h6 38. Rf5 Rd1+ 39. Kg2 Rd2+ 40. Kf3 1-0

[Event "Dulles Cherry Blossom op"]
[Site "Dulles"]
[Date "2021.05.31"]
[Round "9"]
[White "Paciorkowski, Lev"]
[Black "Jacobson, Aaron"]
[Result "1-0"]
[WhiteElo "2220"]
[BlackElo "2301"]
[PlyCount "91"]
[EventDate "2021.05.27"]
[EventType "swiss"]
[EventRounds "9"]
[EventCountry "USA"]
[SourceTitle "CBM 203 Extra"]
[Source "ChessBase"]
[SourceDate "2021.09.30"]
[SourceVersion "1"]
[SourceVersionDate "2021.09.30"]
[SourceQuality "1"]

1. e4 e6 2. d3 d5 3. Qe2 Be7 4. Nf3 Nf6 5. g3 c5 6. Bg2 Nc6 7. 0-0 0-0 8. e5 Nd7 9. c4 b5 10. cxd5 exd5 11. Nc3 Nb6 12. Nxb5 Ba6 13. a4 Nxa4 14. Nd6 Bxd6 15. exd6 Bb5 16. Bf4 Nb4 17. Qd2 Nxd3 18. Rxa4 Nxf4 19. Rxf4 Bxf1 20. Kxf1 Qxd6 21. Nh4 Rad8 22. Nf5 Qa6+ 23. Kg1 Qa1+ 24. Bf1 Rfe8 25. Qc3 d4 26. Qxc5 Qxb2 27. Nxg7 Kxg7 28. Qg5+ Kf8 29. Qh6+ Ke7 30. Qf6+ Kd7 31. Rxd4+ Qxd4 32. Qxd4+ Ke7 33. Qe5+ Kf8 34. Qh8+ Ke7 35. Qxh7 Rd6 36. Qh4+ Kf8 37. Qb4 Red8 38. Qc5 a5 39. Qxa5 Kg7 40. Qg5+ Kh8 41. Bc4 R8d7 42. h4 Rg6 43. Qe5+ Kh7 44. Qf5 Rd1+ 45. Kg2 Kh8 46. Qh5+ 1-0

[Event "Dulles Cherry Blossom op"]
[Site "Dulles"]
[Date "2021.05.27"]
[Round "1"]
[White "Paciorkowski, Lev"]
[Black "Pang, Brian"]
[Result "1-0"]
[WhiteElo "2220"]
[BlackElo "1700"]
[PlyCount "89"]
[EventDate "2021.05.27"]
[EventType "swiss"]
[EventRounds "9"]
[EventCountry "USA"]
[SourceTitle "CBM 203 Extra"]
[Source "ChessBase"]
[SourceDate "2021.09.30"]
[SourceVersion "1"]
[SourceVersionDate "2021.09.30"]
[SourceQuality "1"]

1. Nf3 d5 2. e3 Nf6 3. c4 c6 4. Nc3 e6 5. b3 Be7 6. Bb2 0-0 7. Qc2 Nbd7 8. d4 Re8 9. Bd3 Nf8 10. 0-0 b6 11. e4 dxe4 12. Nxe4 Bb7 13. Rad1 Nxe4 14. Bxe4 Qc7 15. c5 bxc5 16. dxc5 Ba6 17. Rfe1 f5 18. Be5 Qc8 19. Bd3 Bxd3 20. Rxd3 Nd7 21. Bd6 Nf6 22. Bxe7 Rxe7 23. Rd6 Ne4 24. Rxe4 fxe4 25. Qxe4 Qf8 26. h3 Qf5 27. Qxc6 Rf8 28. Rd1 Ree8 29. b4 Qf4 30. Rd4 Qc1+ 31. Kh2 Qb2 32. Rg4 Qxf2 33. Qd7 Qb2 34. Nd4 g6 35. c6 Qd2 36. c7 Qe3 37. Nf3 Rc8 38. Rh4 h5 39. Rc4 Rxf3 40. Qxc8+ Kh7 41. Qd7+ Kh6 42. Qd4 Rxh3+ 43. gxh3 Qe2+ 44. Kg3 Qe1+ 45. Qf2 1-0

[Event "Charlotte CCCSA Thanksgiving IM"]
[Site "Charlotte"]
[Date "2020.11.29"]
[Round "8"]
[White "Paciorkowski, Lev"]
[Black "Jacobson, Aaron"]
[Result "0-1"]
[WhiteElo "2194"]
[BlackElo "2262"]
[PlyCount "100"]
[EventDate "2020.11.25"]
[EventType "tourn"]
[EventRounds "9"]
[EventCountry "USA"]
[EventCategory "2"]
[SourceTitle "CBM 199 Extra"]
[Source "ChessBase"]
[SourceDate "2021.01.31"]
[SourceVersion "1"]
[SourceVersionDate "2021.01.31"]
[SourceQuality "1"]

1. Nf3 d5 2. e3 Nf6 3. c4 e6 4. Nc3 b6 5. b3 Bb7 6. Bb2 Nbd7 7. cxd5 exd5 8. d4 Bd6 9. Bd3 0-0 10. 0-0 a6 11. Ne2 Qe7 12. Rc1 Ne4 13. Qc2 f5 14. Ne5 Rac8 15. Nc6 Qe8 16. f3 Rf6 17. fxe4 fxe4 18. Bxe4 dxe4 19. d5 Rxf1+ 20. Rxf1 Ne5 21. Bxe5 Bxe5 22. Nf4 Bd6 23. b4 Ra8 24. Qc4 b5 25. Qb3 Qf7 26. g3 Rf8 27. Rf2 Bxc6 28. dxc6 Qxb3 29. axb3 g5 30. Nd5 Rxf2 31. Kxf2 Be5 32. Ke2 Kf7 33. Kd2 Ke6 34. Nc3 Bxc3+ 35. Kxc3 Ke5 36. g4 Kd5 37. h3 h6 38. Kc2 Kxc6 39. Kb2 Kd5 40. Kc3 c5 41. bxc5 Kxc5 42. b4+ Kd5 43. Kb3 Kc6 44. Kc3 Kb6 45. Kd4 a5 46. bxa5+ Kxa5 47. Kxe4 b4 48. Kd4 Ka4 49. Kd3 b3 50. e4 Ka3 0-1

[Event "Chesterfield SPICE Cup op"]
[Site "Chesterfield"]
[Date "2020.10.24"]
[Round "7"]
[White "Paciorkowski, Lev"]
[Black "Atanasov, Anthony"]
[Result "1-0"]
[WhiteElo "2249"]
[BlackElo "2205"]
[PlyCount "160"]
[EventDate "2020.10.20"]
[EventType "swiss"]
[EventRounds "9"]
[EventCountry "USA"]
[SourceTitle "EXT 2022"]
[Source "ChessBase"]
[SourceDate "2021.10.06"]
[SourceVersion "1"]
[SourceVersionDate "2021.10.06"]
[SourceQuality "1"]

1. Nf3 d5 2. e3 Nf6 3. c4 c6 4. Nc3 g6 5. d4 Bg7 6. Be2 0-0 7. 0-0 Ne4 8. Qb3 dxc4 9. Bxc4 Nd6 10. Be2 Be6 11. Qc2 Bc4 12. e4 Bxe2 13. Nxe2 Nd7 14. e5 Nb5 15. a4 Nc7 16. h4 Ne6 17. h5 Nb6 18. a5 Nd5 19. a6 Qb6 20. axb7 Qxb7 21. Nh4 c5 22. f4 Nb4 23. Qb3 Qe4 24. hxg6 hxg6 25. Nxg6 Qxg6 26. f5 Qg4 27. fxe6 fxe6 28. Nf4 Nd5 29. Nxd5 Rxf1+ 30. Kxf1 Rf8+ 31. Nf4 Rxf4+ 32. Bxf4 Qxf4+ 33. Qf3 Qxd4 34. Rd1 Qxe5 35. b3 Kh7 36. Re1 Qb2 37. Qh3+ Kg6 38. Qg4+ Kh7 39. Qh4+ Kg8 40. Qxe7 Qxb3 41. Qxe6+ Qxe6 42. Rxe6 a5 43. Rc6 Bd4 44. Ke2 Kf7 45. Kd3 a4 46. Ra6 Bf6 47. Rxa4 Kg6 48. Ke4 Kg5 49. Kf3 Kf5 50. Re4 Bd4 51. g4+ Kg5 52. Re8 Kg6 53. Ke4 Bf6 54. Rc8 Bd4 55. Kf4 Kf6 56. Rc6+ Ke7 57. Ke4 Kd7 58. Kd5 Be3 59. Rd6+ Kc7 60. Re6 Bd4 61. g5 Kd7 62. g6 Bg7 63. Ra6 Ke7 64. Kxc5 Bh6 65. Kd5 Kf8 66. Ra7 Be3 67. Rb7 Kg8 68. Ke6 Bd4 69. Kf5 Bc3 70. Kg5 Bd2+ 71. Kh5 Bc3 72. Rd7 Bb2 73. Rd2 Bc3 74. Rd8+ Kg7 75. Rd7+ Kg8 76. Kh6 Bf6 77. g7 Be7 78. Kg6 Bh4 79. Rc7 Bd8 80. Rc3 Bc7 1-0

[Event "Chesterfield SPICE Cup op"]
[Site "Chesterfield"]
[Date "2020.10.24"]
[Round "8"]
[White "Paciorkowski, Lev"]
[Black "Zaloznyy, Mike"]
[Result "0-1"]
[WhiteElo "2249"]
[BlackElo "1989"]
[PlyCount "98"]
[EventDate "2020.10.20"]
[EventType "swiss"]
[EventRounds "9"]
[EventCountry "USA"]
[SourceTitle "EXT 2022"]
[Source "ChessBase"]
[SourceDate "2021.10.06"]
[SourceVersion "1"]
[SourceVersionDate "2021.10.06"]
[SourceQuality "1"]

1. Nf3 Nf6 2. c4 b6 3. g3 Bb7 4. Bg2 e6 5. 0-0 Be7 6. d4 0-0 7. Nc3 Ne4 8. Nxe4 Bxe4 9. Ne1 Bxg2 10. Nxg2 d5 11. Qa4 dxc4 12. Qxc4 c5 13. Be3 Nd7 14. Rfd1 Qc8 15. dxc5 Bxc5 16. Rac1 Bxe3 17. Nxe3 Nf6 18. Qb5 Qb7 19. Nc4 Rad8 20. Nd6 Qe7 21. Qc6 h5 22. a3 h4 23. f3 Nd5 24. Ne4 f5 25. Nc3 Rd6 26. Nxd5 exd5 27. Qb5 hxg3 28. hxg3 Qg5 29. Kg2 a6 30. Qb4 Rg6 31. Qe1 Re8 32. Rc2 Rh6 33. Rxd5 Qh5 34. Qg1 Ree6 35. Kf2 Qg5 36. e4 Rh3 37. Rxf5 Qh6 38. Rc8+ Kh7 39. Rf4 Rg6 40. Rcf8 b5 41. Qd1 Rhxg3 42. Qd5 Qh2+ 43. Ke3 Qg1+ 44. Kd3 Qd1+ 45. Ke3 Qe1+ 46. Kd4 Qd2+ 47. Kc5 Qf2+ 48. Qd4 Rc6+ 49. Kxc6 Qxd4 0-1

[Event "Philadelphia op 11th"]
[Site "Philadelphia"]
[Date "2017.04.15"]
[Round "6"]
[White "Paciorkowski, Lev"]
[Black "Santarius, Erik F"]
[Result "1/2-1/2"]
[WhiteElo "2158"]
[BlackElo "2313"]
[PlyCount "101"]
[EventDate "2017.04.12"]
[EventType "swiss"]
[EventRounds "9"]
[EventCountry "USA"]
[SourceTitle "EXT 2018"]
[Source "ChessBase"]
[SourceDate "2017.10.13"]
[SourceVersion "1"]
[SourceVersionDate "2017.10.13"]
[SourceQuality "1"]

1. d4 d5 2. c4 e6 3. Nc3 Nf6 4. cxd5 Nxd5 5. e4 Nxc3 6. bxc3 c5 7. Nf3 cxd4 8. cxd4 Bb4+ 9. Bd2 Bxd2+ 10. Qxd2 0-0 11. Bc4 Nd7 12. 0-0 b6 13. Rfe1 Bb7 14. Rad1 Rc8 15. Bb3 Qf6 16. Bc2 e5 17. Ba4 Bc6 18. Bxc6 Rxc6 19. d5 Rc5 20. Rc1 Qd6 21. Rxc5 Nxc5 22. Qc3 f6 23. Nd2 Rc8 24. Rc1 Qd7 25. Nb3 Qa4 26. Qh3 Re8 27. Nxc5 bxc5 28. Qg4 c4 29. g3 Kh8 30. Qe2 Rc8 31. Qb2 Qd7 32. Qb4 Qc7 33. d6 Qc6 34. Rd1 h6 35. d7 Rd8 36. Qd6 Qxd6 37. Rxd6 c3 38. Rc6 Rxd7 39. Rxc3 Rd4 40. Ra3 Rxe4 41. Rxa7 Re1+ 42. Kg2 e4 43. g4 e3 44. fxe3 Rxe3 45. a4 Ra3 46. a5 Kh7 47. h3 Kg6 48. Kh2 h5 49. gxh5+ Kxh5 50. Rxg7 Rxa5 51. Kg2 1/2-1/2

[Event "Philadelphia op 11th"]
[Site "Philadelphia"]
[Date "2017.04.15"]
[Round "7"]
[White "Sinha, Sahil"]
[Black "Paciorkowski, Lev"]
[Result "1/2-1/2"]
[WhiteElo "2288"]
[BlackElo "2158"]
[PlyCount "72"]
[EventDate "2017.04.12"]
[EventType "swiss"]
[EventRounds "9"]
[EventCountry "USA"]
[SourceTitle "EXT 2019"]
[Source "ChessBase"]
[SourceDate "2018.10.10"]
[SourceVersion "1"]
[SourceVersionDate "2018.10.10"]
[SourceQuality "1"]

1. d4 Nf6 2. c4 e6 3. Nc3 Bb4 4. Qc2 0-0 5. Nf3 c5 6. dxc5 Na6 7. g3 Nxc5 8. Bg2 b6 9. 0-0 Bxc3 10. Qxc3 Bb7 11. Rd1 Qe7 12. Bf4 d5 13. Rac1 a5 14. h3 Rac8 15. Qa3 Rfd8 16. cxd5 Nxd5 17. Bd2 Ne4 18. Qxe7 Nxe7 19. Be1 Bd5 20. Ne5 Nd6 21. Bxd5 Rxc1 22. Rxc1 Nxd5 23. f3 f6 24. Nd3 Rc8 25. Rxc8+ Nxc8 26. e4 Nc7 27. Kf2 Kf7 28. a4 Na6 29. Ke3 e5 30. b4 axb4 31. Bxb4 Ke6 32. Ba3 Nd6 33. Nb2 Nc7 34. Kd3 Nce8 35. Bxd6 Kxd6 36. Kc4 Kc6 1/2-1/2

[Event "Philadelphia op 11th"]
[Site "Philadelphia"]
[Date "2017.04.14"]
[Round "5"]
[White "Sarkar, Justin"]
[Black "Paciorkowski, Lev"]
[Result "0-1"]
[WhiteElo "2390"]
[BlackElo "2158"]
[PlyCount "152"]
[EventDate "2017.04.12"]
[EventType "swiss"]
[EventRounds "9"]
[EventCountry "USA"]
[SourceTitle "EXT 2018"]
[Source "ChessBase"]
[SourceDate "2017.10.13"]
[SourceVersion "1"]
[SourceVersionDate "2017.10.13"]
[SourceQuality "1"]

1. e4 c5 2. Nf3 e6 3. d4 cxd4 4. Nxd4 a6 5. Bd3 Nf6 6. 0-0 Qc7 7. Qe2 d6 8. c4 Be7 9. Nc3 Nc6 10. Be3 Ne5 11. f3 h5 12. Rac1 b6 13. Bb1 Bb7 14. b3 Rc8 15. Nd5 exd5 16. cxd5 Qd7 17. Rxc8+ Bxc8 18. f4 Neg4 19. Bd2 0-0 20. h3 Nh6 21. Nc6 Bb7 22. Nxe7+ Qxe7 23. Qd3 Re8 24. Re1 Nd7 25. Bc3 f6 26. b4 Nf8 27. a4 Qd7 28. Bc2 Kh8 29. Bb3 Ng6 30. Qf3 h4 31. Bd4 b5 32. a5 Qf7 33. Re2 Ne7 34. f5 Nexf5 35. exf5 Rxe2 36. Qxe2 Nxf5 37. Bf2 g6 38. Qe4 Kg7 39. Kh2 Qe7 40. Bc2 Qxe4 41. Bxe4 Ne7 42. Bxh4 Bxd5 43. Bc2 Nc6 44. Be1 f5 45. Bc3+ Kf7 46. h4 Be4 47. Bb3+ d5 48. Kg3 Ke7 49. Kf2 d4 50. Bd2 Ne5 51. g3 Nc4 52. Bf4 Ke6 53. Ke2 Kd5 54. Ke1 Bd3 55. Bd1 Be4 56. Bb3 Bf3 57. Kf2 Bg4 58. Bc2 Bh5 59. Bb1 Bd1 60. Ke1 Bf3 61. Ba2 Ke4 62. Bb1+ d3 63. Bg5 Na3 64. Ba2 Nc2+ 65. Kd2 Nxb4 66. Bf7 Bh5 67. Be6 Nc6 68. Bc8 Nxa5 69. Bxa6 Nc4+ 70. Kc3 d2 71. Bxd2 Nxd2 72. Kxd2 b4 73. Bb7+ Kd4 74. Bc6 b3 75. Be8 b2 76. Kc2 Ke3 0-1

[Event "New York State-ch 138th"]
[Site "Colonie"]
[Date "2016.09.04"]
[Round "4"]
[White "Sharp, Dale Eugene"]
[Black "Paciorkowski, Lev"]
[Result "0-1"]
[WhiteElo "2123"]
[BlackElo "2294"]
[PlyCount "76"]
[EventDate "2016.09.02"]
[EventType "swiss"]
[EventRounds "6"]
[EventCountry "USA"]
[SourceTitle "CBM 174 Extra"]
[Source "ChessBase"]
[SourceDate "2016.10.10"]
[SourceVersion "1"]
[SourceVersionDate "2016.10.10"]
[SourceQuality "1"]

1. e4 c5 2. Nf3 e6 3. d4 cxd4 4. Nxd4 a6 5. Nc3 Qc7 6. g3 Bb4 7. Qd3 Nf6 8. Bg2 Nc6 9. Nxc6 bxc6 10. Bf4 e5 11. Bg5 Be7 12. 0-0 a5 13. Rfd1 Ba6 14. Qd2 h6 15. Bxf6 Bxf6 16. Na4 Bg5 17. Qd6 Qxd6 18. Rxd6 Be7 19. Rd2 Rb8 20. b3 Bb5 21. Nb2 Bb4 22. Rdd1 Bc3 23. Rdb1 Ba6 24. a4 Ke7 25. Ra2 Rb6 26. Nd1 Bd4 27. Ne3 g6 28. Rd1 Bxe3 29. fxe3 c5 30. Raa1 d6 31. Kf2 Bb7 32. Rd2 Bc6 33. Rad1 Rd8 34. h4 Rb4 35. Ke2 f5 36. exf5 Bxg2 37. fxg6 Rg4 38. h5 e4 0-1

[Event "New York State-ch 138th"]
[Site "Colonie"]
[Date "2016.09.03"]
[Round "2"]
[White "Rodrigue Lemieux, Shawn"]
[Black "Paciorkowski, Lev"]
[Result "1/2-1/2"]
[WhiteElo "2181"]
[BlackElo "2294"]
[PlyCount "120"]
[EventDate "2016.09.02"]
[EventType "swiss"]
[EventRounds "6"]
[EventCountry "USA"]
[SourceTitle "CBM 174 Extra"]
[Source "ChessBase"]
[SourceDate "2016.10.10"]
[SourceVersion "1"]
[SourceVersionDate "2016.10.10"]
[SourceQuality "1"]

1. e4 c5 2. Nf3 e6 3. d3 d5 4. Nbd2 Nf6 5. Be2 Be7 6. 0-0 0-0 7. c3 Nc6 8. Qc2 b6 9. Rd1 Ba6 10. Nf1 Qc7 11. Ng3 Rac8 12. Be3 Ng4 13. Bc1 Nf6 14. Be3 Bd6 15. Re1 Bb7 16. Rad1 h6 17. Qc1 Kh7 18. Qb1 dxe4 19. dxe4 Kg8 20. Bd3 Ng4 21. Bc2 Nxe3 22. Rxe3 Ne5 23. Nxe5 Bxe5 24. Ba4 Rcd8 25. Red3 Bc8 26. Qc2 a6 27. Qe2 b5 28. Bc2 c4 29. Rxd8 Rxd8 30. Nf1 Rxd1 31. Qxd1 b4 32. cxb4 Bxb2 33. Ne3 g6 34. Qe2 Be5 35. Qxc4 Bxh2+ 36. Kh1 Bd6 37. Qxc7 Bxc7 38. Bd3 Kf8 39. Kg1 Ke7 40. Kf1 Bb7 41. Ke2 f5 42. f3 f4 43. Nc4 g5 44. a4 Bc6 45. Nd2 Bxa4 46. Bxa6 h5 47. Bc4 Bc6 48. Nb3 Bb6 49. Nc1 Bc7 50. Kf1 Bd6 51. Nd3 Kf6 52. b5 Ba8 53. Ke2 g4 54. b6 Bc6 55. Ba6 g3 56. e5+ Bxe5 57. Nxe5 Kxe5 58. b7 Bxb7 59. Bxb7 h4 60. Bc6 Kd4 1/2-1/2